| 000 | 00511cam a2200205ua 4500 | ||
|---|---|---|---|
| 020 | _c33.00 | ||
| 041 |
_aeng _h |
||
| 082 |
_a509 _bJAI/HI |
||
| 100 | _aJain, N K . | ||
| 245 |
_aHistory of science and scientific method / _cN K Jain. _hTextual Documents |
||
| 250 |
_a1 / _b. |
||
| 260 |
_aNew Delhi : _bOxford & IBH Publishing company , _c1982. |
||
| 300 | _a274 ; . | ||
| 365 | _a33.00 | ||
| 500 | _a**Reference | ||
| 504 | _a | ||
| 942 | _cBK | ||
| 999 |
_c8079 _d8079 |
||